00564nam a2200169 a 450000100100000000500170001000800410002704000250006808200140009310000370010724500420014426000500018630000200023604900090025695201120026599900170037700001714020240305111025.0100318s1929 dr 000 0 spa d aDO-SdBNPbspacBNPHU axxxbV8641 aVizardi, Ligiod1895-196893774413aLa sombra iluminada /cLigio Vizardi. aSan Pedro de Macorís :bLa Nación,c1929. a31 p. ;c30 cm. aBNPD 001050718RVaPDbPDcHDd2010-03-18iLF1l0oxxx V864p17140-10r2020-06-25w2020-06-25y1ZNo se presta c16666d16666